| 000 | 00652nmm a2200253 a 4500 | ||
|---|---|---|---|
| 003 | AR-BaBNM | ||
| 005 | 20251128210351.0 | ||
| 008 | 290020s1994 ||||||||||||||000 | spa|| | ||
| 020 | _a950-05-0491-X | ||
| 040 | _cAR-BaBNM | ||
| 100 | 1 |
_aDenevi, Marco _d1922-1998 |
|
| 245 | 1 | 0 |
_aRosaura a las diez _n1 |
| 260 |
_aBuenos Aires _bEdiciones Corregidor _c1994 |
||
| 300 | 0 | _a319 p. | |
| 650 | 4 | _aLITERATURA ARGENTINA | |
| 650 | 4 | _aESCRITORES | |
| 650 | 4 | _aLITERATURA CONTEMPORANEA | |
| 653 | 0 | _aNARRATIVA | |
| 653 | 0 | _aNOVELA POLICIAL | |
| 655 | _aLITERATURA | ||
| 700 | 1 |
_aMerlo, Juan Carlos _eprologuista |
|
| 942 | _cBK | ||
| 998 | _cMARTIN | ||
| 999 |
_c15162 _d15162 |
||